Religion in philosophical & cultural perspective: a new approach to the philosophy of religion through cross-disciplinary studies (Record no. 187539)

MARC details
000 -LEADER
fixed length control field 00464nam a2200145Ia 4500
008 - FIXED-LENGTH DATA ELEMENTS--GENERAL INFORMATION
fixed length control field 230917s9999||||xx |||||||||||||| ||und||
040 ## - CATALOGING SOURCE
-- 45788
Original cataloging agency VIVEKANANDA LIBRARY
041 ## - Language
-- English
082 ## - DDC NUMBER
Classification number 200.1 F314R
100 ## - MAIN ENTRY--PERSONAL NAME
Personal name Feaver, J Clayton, ed
245 #0 - TITLE STATEMENT
Title Religion in philosophical & cultural perspective: a new approach to the philosophy of religion through cross-disciplinary studies
260 ## - PUBLICATION, DISTRIBUTION, ETC. (IMPRINT)
Place of publication, distribution, etc New Delhi
Name of publisher, distributor, etc East-West
Date of publication, distribution, etc 1971
300 ## - PHYSICAL DESCRIPTION
Pages xiv, 504 p.
942 ## - ADDED ENTRY ELEMENTS (KOHA)
Koha item type Books
Holdings
Withdrawn status Lost status Damaged status Not for loan Location (home branch) Sublocation or collection (holding branch) Date acquired Koha issues (times borrowed) Koha full call number Accession No. Koha date last seen Koha item type
        VIVEKANANDA LIBRARY VIVEKANANDA LIBRARY 26/11/2002   200.1 F314R 43615 17/09/2023 Books
© Designed and Maintained by Vivekananda Library, MDU Rohtak